000 00759cam a2200229 a 4500
001 000001431
005 20200929145557.0
008 750115s1946 ag 000 f spa
040 _aDO-SdBNP
_bspa
_cBNPHU
041 1 7 _aspa
_heng
082 _a843.91
_bA659s
100 1 _aAragón, Louis,
_d1897-1982
_94752
240 1 0 _aCentury was young.
_lEspañol
245 1 3 _aEl siglo era joven /
_cLouis Aragón ; versión castellana por León Mirlás.
260 _aBuenos Aires :
_bClaridad,
_c1946.
300 _a528 p. ;
_c21 cm.
440 0 _aBiblioteca de grandes novelas ;
_vv. 22
_94753
534 _aTítulo original:
_tThe century was young
650 4 _aNovela francesa
_91075
650 4 _aLiteratura francesa
_91074
700 1 _aMirlás, León,
_etr.
_94754
999 _c1346
_d1346